[Event "VIII. Karnevals-Open"]
[Site "Solingen"]
[Date "2017.02.26"]
[Round "5.34"]
[White "Cornelißen, Jonas"]
[Black "Grunwald, Günther"]
[Result "1-0"]
[WhiteElo "1656"]
[BlackElo "1645"]
[PlyCount "217"]
[EventDate "2017.??.??"]

1. d4 d5 2. Bf4 Nf6 3. e3 e6 4. c4 c6 5. Nf3 Qa5+ 6. Nc3 Bb4 7. Qb3 Ne4 8. Rc1
O-O 9. a3 Bd6 10. Bxd6 Nxd6 11. Bd3 Ne8 12. O-O Nf6 13. Rfd1 a6 14. Na4 dxc4
15. Bxc4 b5 16. Nc5 bxc4 17. Rxc4 Qd8 18. Ne5 a5 19. Rdc1 Ba6 20. Nxa6 Rxa6 21.
Nxc6 Nxc6 22. Rxc6 Ra8 23. Qc3 h6 24. f3 Nd5 25. Qd3 Ne7 26. R6c5 Qd6 27. Qc4
Qd8 28. Qc3 Nd5 29. Qd3 Rb8 30. e4 Nf6 31. Qc3 Qb6 32. Rc2 a4 33. Qa5 Qxa5 34.
Rxa5 Ra8 35. Rac5 Rfb8 36. d5 exd5 37. exd5 Rd8 38. Rd2 Ra6 39. Rd4 Kh7 40. Kf2
Rb8 41. Rc2 Rd8 42. Rc5 Rdd6 43. Ke3 Rab6 44. Rd2 Rb3+ 45. Kf4 Ra6 46. Rcc2 Nd7
47. Rc7 Rd6 48. Rc6 Rf6+ 49. Ke4 Rxc6 50. dxc6 Nc5+ 51. Kd5 Rb5 52. Kd6 Na6 53.
Rc2 Rb6 54. Kd7 Rb5 55. c7 Nxc7 56. Kxc7 Rb3 57. Kd6 Kg6 58. Ke5 f6+ 59. Ke4
Kh7 60. f4 Kg6 61. g4 h5 62. gxh5+ Kxh5 63. Rg2 Kh6 64. f5 Kh7 65. Kf4 Kg8 66.
Kg4 Kf7 67. Re2 Rb7 68. Rd2 Ke7 69. Kh5 Kf7 70. h4 Re7 71. Rd5 Ra7 72. Rb5 Ke7
73. Rb4 Kd6 74. Kg6 Ke5 75. Rb5+ Ke4 76. h5 Kf4 77. h6 gxh6 78. Kxh6 Ra6 79.
Kg6 Ke4 80. Rb8 Ra5 81. Re8+ Kf4 82. Kxf6 Rxf5+ 83. Ke7 Rb5 84. Ra8 Re5+ 85.
Kd6 Re4 86. Rb8 Ke3 87. Rb5 Rd4+ 88. Kc5 Kd3 89. Rb4 Rd8 90. Kb5 Ra8 91. Rxa4
Rb8+ 92. Kc5 Rxb2 93. Rb4 Ra2 94. a4 Ra3 95. Kb5 Kc3 96. Rc4+ Kb3 97. Rh4 Kb2
98. Rh2+ Kc1 99. a5 Rb3+ 100. Kc6 Ra3 101. Kb6 Rb3+ 102. Ka7 Rb4 103. a6 Rb5
104. Ka8 Rb4 105. a7 Rb5 106. Rh7 Kc2 107. Rb7 Rd5 108. Rc7+ Kd3 109. Kb8 1-0